[Event "4NCL/Div2b/SWD2 vs. FCA1"]
[Site "Hinckley Island ENG"]
[Date "2008.12.07"]
[Round "4.1"]
[White "Brown, Alan M"]
[Black "Kenworthy, Gary"]
[Result "1/2-1/2"]
[WhiteElo "2121"]
[BlackElo "2290"]
[PlyCount "42"]
[EventDate "2008.12.07"]
[SourceDate "2008.10.04"]

1. Nf3 g6 2. c4 Bg7 3. Nc3 e5 4. d4 exd4 5. Nxd4 Nc6 6. Nf3 Nf6 7. g3 O-O 8.
Bg2 d6 9. Bd2 Bg4 10. O-O Qd7 11. Re1 Rfe8 12. Rc1 Bxf3 13. exf3 Rxe1+ 14. Qxe1
Re8 15. Qf1 h6 16. Re1 Rxe1 17. Qxe1 Qf5 18. f4 a6 19. b3 Kf8 20. Ne4 Nxe4 21.
Qxe4 Qxe4 1/2-1/2

[Event "4NCL/Div2b/SWD2 vs. FCA1"]
[Site "Hinckley Island ENG"]
[Date "2008.12.07"]
[Round "4.2"]
[White "Tippleston, Charles"]
[Black "Burton, Graham P"]
[Result "1/2-1/2"]
[WhiteElo "2177"]
[BlackElo "2087"]
[PlyCount "86"]
[EventDate "2008.12.07"]
[SourceDate "2008.10.04"]

1. e4 c5 2. c3 Nf6 3. e5 Nd5 4. d4 cxd4 5. cxd4 e6 6. Nf3 d6 7. Bc4 Nb6 8. Bd3
Nc6 9. Nc3 dxe5 10. dxe5 Nb4 11. Be4 Qxd1+ 12. Kxd1 Be7 13. Ke2 O-O 14. Rd1 f5
15. Bb1 N6d5 16. Nxd5 Nxd5 17. a3 Bd7 18. Ba2 Ba4 19. Rd4 Bb5+ 20. Ke1 Bc6 21.
Bd2 h6 22. Rc4 Nb6 23. Rcc1 Bd5 24. Nd4 Bxa2 25. Rxa2 Rfc8 26. Nxe6 Rxc1+ 27.
Bxc1 Rc8 28. Bd2 Nd7 29. Bc3 Kf7 30. Nf4 Nc5 31. Ra1 Ne4 32. Ne2 Bc5 33. f3
Nxc3 34. bxc3 Ke6 35. f4 g5 36. g3 gxf4 37. gxf4 Rg8 38. Kf1 Rd8 39. a4 b6 40.
Nd4+ Bxd4 41. Rd1 Rc8 42. Rxd4 Rxc3 43. Rd6+ Ke7 1/2-1/2

[Event "4NCL/Div2b/SWD2 vs. FCA1"]
[Site "Hinckley Island ENG"]
[Date "2008.12.07"]
[Round "4.3"]
[White "Thornton, John"]
[Black "Almond, Richard"]
[Result "0-1"]
[WhiteElo "2072"]
[BlackElo "2138"]
[PlyCount "98"]
[EventDate "2008.12.07"]
[SourceDate "2008.10.04"]

1. e4 d5 2. exd5 Qxd5 3. Nc3 Qa5 4. d4 c6 5. Bc4 Bf5 6. Nf3 Nf6 7. Bd2 e6 8.
Nd5 Qd8 9. Nxf6+ gxf6 10. Qe2 Nd7 11. O-O-O Qc7 12. Nh4 Bg6 13. Bxe6 fxe6 14.
Qxe6+ Kd8 15. Rhe1 Bd6 16. Nxg6 hxg6 17. d5 c5 18. Qf7 g5 19. Re6 Rf8 20. Rde1
Ne5 21. Qh5 Qd7 22. Rxf6 Rxf6 23. Bxg5 Qg7 24. f4 Nf7 25. g3 Kc7 26. Bxf6 Qxf6
27. Re6 Qg7 28. f5 Qg5+ 29. Qxg5 Nxg5 30. Rg6 Nf3 31. Rg7+ Kb6 32. Rg6 Rd8 33.
h4 Kb5 34. b3 c4 35. a4+ Kb4 36. Rg4 Ne5 37. Re4 Kc5 38. bxc4 Nxc4 39. g4 Kxd5
40. Re6 Bf4+ 41. Kb1 Ne3 42. Rg6 Rd6 43. c4+ Ke4 44. f6 Be5 45. f7 Rd1+ 46. Ka2
Rf1 47. g5 Rxf7 48. Rh6 Rf2+ 49. Kb3 Rb2+ 0-1

[Event "4NCL/Div2b/SWD2 vs. FCA1"]
[Site "Hinckley Island ENG"]
[Date "2008.12.07"]
[Round "4.4"]
[White "Habershon, Paul"]
[Black "Jameson, David"]
[Result "0-1"]
[WhiteElo "2120"]
[BlackElo "2057"]
[PlyCount "150"]
[EventDate "2008.12.07"]
[SourceDate "2008.10.04"]

1. e4 c6 2. d4 d5 3. exd5 cxd5 4. Bd3 Nc6 5. c3 Nf6 6. Bf4 Bg4 7. Qb3 Qc8 8. h3
Bh5 9. Nd2 e6 10. Ngf3 Be7 11. O-O O-O 12. Rfe1 a6 13. a4 Bg6 14. Bxg6 hxg6 15.
Ne5 Nxe5 16. Bxe5 Nd7 17. Bh2 Qc6 18. a5 Rfc8 19. Kf1 Bd6 20. Bxd6 Qxd6 21. Nf3
Rab8 22. Qc2 b5 23. axb6 Rxb6 24. Ra2 Qc6 25. Rea1 Rcb8 26. Qe2 Qb7 27. Rb1 Rb5
28. Ne1 a5 29. Nd3 Qc7 30. Rba1 Qh2 31. f3 Qc7 32. Kf2 Qb6 33. Qe3 e5 34. dxe5
Nxe5 35. Qxb6 Nxd3+ 36. Ke3 R5xb6 37. Kxd3 Rxb2 38. Rxb2 Rxb2 39. Rxa5 Rxg2 40.
Rxd5 Rg3 41. Rd8+ Kh7 42. Ke3 g5 43. c4 Rxh3 44. c5 g4 45. c6 Rxf3+ 46. Kd2
Rf2+ 47. Kd3 g3 48. c7 g2 49. c8=Q g1=Q 50. Rh8+ Kg6 51. Qc6+ Rf6 52. Qe4+ Rf5
53. Qc6+ Kg5 54. Qh6+ gxh6 55. Rg8+ Kf6 56. Rxg1 h5 57. Rg8 Rg5 58. Rh8 Kg7 59.
Ra8 h4 60. Ra4 Rh5 61. Ra2 h3 62. Rh2 Kf6 63. Ke4 Kg5 64. Kf3 Kf5 65. Kg3 Ke4
66. Re2+ Kd4 67. Rh2 Ke3 68. Kg4 Rh8 69. Kg3 f5 70. Rh1 h2 71. Re1+ Kd2 72. Rh1
Ke2 73. Kg2 Rg8+ 74. Kh3 Kf2 75. Rxh2+ Kf3 0-1

[Event "4NCL/Div2b/SWD2 vs. FCA1"]
[Site "Hinckley Island ENG"]
[Date "2008.12.07"]
[Round "4.5"]
[White "Miles, Richard"]
[Black "Reuben, Stewart"]
[Result "1-0"]
[WhiteElo "2050"]
[BlackElo "2117"]
[PlyCount "77"]
[EventDate "2008.12.07"]
[SourceDate "2008.10.04"]

1. d4 Nf6 2. c4 e6 3. Nf3 c5 4. d5 b5 5. dxe6 fxe6 6. cxb5 d5 7. Bg5 Be7 8. e3
O-O 9. Be2 Nbd7 10. O-O Bb7 11. Nc3 Qc7 12. Bf4 e5 13. Bg3 Bd6 14. Qb3 Kh8 15.
Rac1 Rae8 16. a4 e4 17. b6 Qxb6 18. Qxb6 axb6 19. Bxd6 exf3 20. Bxf3 Rf7 21.
Bg3 Ne5 22. Nb5 Rd7 23. Bxe5 Rxe5 24. Rfd1 Ba6 25. Rd2 Bxb5 26. axb5 Ra7 27.
Rcd1 Ra5 28. Kf1 Rxb5 29. Bxd5 g6 30. Bc6 Rb4 31. Ra1 Kg7 32. Ra4 Rxa4 33. Bxa4
Re4 34. Bc6 Rb4 35. Ke2 Kf7 36. Kd1 Ke6 37. Kc2 Ng4 38. Bd7+ Ke5 39. f4+ 1-0

[Event "4NCL/Div2b/SWD2 vs. FCA1"]
[Site "Hinckley Island ENG"]
[Date "2008.12.07"]
[Round "4.6"]
[White "Majer, Chris E"]
[Black "Bennion, David A"]
[Result "0-1"]
[WhiteElo "2091"]
[BlackElo "2047"]
[PlyCount "62"]
[EventDate "2008.12.07"]
[SourceDate "2008.10.04"]

1. e4 e5 2. Bc4 Nf6 3. d4 Nxe4 4. dxe5 Ng5 5. Nf3 Ne6 6. Be3 Nc6 7. O-O d6 8.
exd6 Bxd6 9. Nc3 a6 10. Ne4 Be7 11. Qe1 O-O 12. Rd1 Qe8 13. a3 Kh8 14. Qc3 f5
15. Neg5 Nxg5 16. Bxg5 Bxg5 17. Nxg5 h6 18. f4 Qg6 19. Rf3 b5 20. Ba2 Bb7 21.
Ne6 Nd4 22. Nxd4 Bxf3 23. Nxf3 Qb6+ 24. Qd4 Rad8 25. Qxb6 Rxd1+ 26. Kf2 cxb6
27. Ke2 Ra1 28. Bb3 Re8+ 29. Ne5 g5 30. g3 Rh1 31. Kf3 Rxh2 0-1

[Event "4NCL/Div2b/SWD2 vs. FCA1"]
[Site "Hinckley Island ENG"]
[Date "2008.12.07"]
[Round "4.7"]
[White "Llewellyn, David"]
[Black "Smith, Graham"]
[Result "0-1"]
[WhiteElo "1999"]
[BlackElo "2085"]
[PlyCount "58"]
[EventDate "2008.12.07"]
[SourceDate "2008.10.04"]

1. d4 d5 2. c4 e6 3. Nc3 Nf6 4. cxd5 exd5 5. Bg5 c6 6. Qc2 Be7 7. e3 O-O 8. Bd3
Nbd7 9. Nge2 Re8 10. O-O g6 11. f3 Nh5 12. Bxe7 Rxe7 13. e4 Nf8 14. e5 f5 15.
exf6 Nxf6 16. h3 Qd6 17. f4 Be6 18. f5 Bf7 19. Rf3 g5 20. g4 h5 21. gxh5 Bxh5
22. Rg3 N8h7 23. Rg2 Bf3 24. Rf2 g4 25. hxg4 Ng5 26. Rxf3 Nxf3+ 27. Kf2 Ng5 28.
Rh1 Nxg4+ 29. Ke1 Nf3+ 0-1

[Event "4NCL/Div2b/SWD2 vs. FCA1"]
[Site "Hinckley Island ENG"]
[Date "2008.12.07"]
[Round "4.8"]
[White "Gist, Elizabeth"]
[Black "Wilson, Julie"]
[Result "0-1"]
[WhiteElo "1720"]
[BlackElo "1935"]
[PlyCount "66"]
[EventDate "2008.12.07"]
[SourceDate "2008.10.04"]

1. e4 c5 2. Nc3 Nc6 3. Bc4 g6 4. d3 Bg7 5. Bd2 Nf6 6. Qf3 Ne5 7. Qe2 Nxc4 8.
dxc4 d6 9. Nf3 O-O 10. O-O-O Nd7 11. h4 h6 12. g4 a6 13. h5 g5 14. Qe3 Ne5 15.
Nxe5 Bxe5 16. Qe2 Bg7 17. f4 f6 18. Rdf1 Bd7 19. Nd5 e6 20. Ne3 Qe7 21. Bc3 Bc6
22. Ng2 b5 23. Re1 b4 24. Bd2 a5 25. b3 a4 26. Kb1 Qa7 27. Qd3 axb3 28. Qxb3
Qb7 29. f5 exf5 30. gxf5 Bxe4 31. Rxe4 Qxe4 32. Qg3 Rxa2 33. Rc1 Rfa8 0-1

[Event "4NCL/Div2b/WWKS1 vs. CELT1"]
[Site "Hinckley Island ENG"]
[Date "2008.12.07"]
[Round "4.1"]
[White "Thomas, Nicholas"]
[Black "Wippermann, Till"]
[Result "1/2-1/2"]
[WhiteElo "2309"]
[BlackElo "2459"]
[PlyCount "126"]
[EventDate "2008.12.07"]
[SourceDate "2008.10.04"]

1. e4 c5 2. Nc3 g6 3. g3 Bg7 4. Bg2 Nc6 5. d3 d6 6. f4 e5 7. Nh3 h5 8. Nf2 h4
9. g4 exf4 10. Bxf4 Be5 11. Bxe5 Nxe5 12. h3 Ne7 13. Qd2 Be6 14. Nd5 Bxd5 15.
exd5 f5 16. O-O-O Qd7 17. Rde1 O-O-O 18. d4 cxd4 19. Qxd4 Kb8 20. Nd3 Nxd3+ 21.
Qxd3 fxg4 22. Re6 Nc8 23. hxg4 Qa4 24. Kb1 Qxg4 25. Rxg6 Qf4 26. Bh3 Nb6 27. b3
Qe5 28. Be6 Rdf8 29. Rg4 Rf4 30. Rxf4 Qxf4 31. Qc3 Rf8 32. Qh3 Qd4 33. Rf1 Rf4
34. Rxf4 Qxf4 35. Qc3 a6 36. Kb2 Qe4 37. a3 Ka7 38. Qh8 Qf4 39. Qc3 Na8 40. Qg7
Nb6 41. Qc3 Qg3 42. a4 Qxc3+ 43. Kxc3 a5 44. Kd4 Na8 45. c3 Nc7 46. b4 b5 47.
axb5 Nxb5+ 48. Kd3 a4 49. c4 a3 50. Kc2 a2 51. Kb2 Na3 52. Kxa2 Nxc4 53. Kb3
Ne3 54. Kc3 Ng2 55. Kd4 Nf4 56. Ke3 h3 57. Bg4 Nxd5+ 58. Kf2 h2 59. Bf3 Nxb4
60. Kg2 Kb6 61. Kxh2 Kc5 62. Kg3 Kd4 63. Bb7 d5 1/2-1/2

[Event "4NCL/Div2b/WWKS1 vs. CELT1"]
[Site "Hinckley Island ENG"]
[Date "2008.12.07"]
[Round "4.2"]
[White "Maciol, Ryszard"]
[Black "Hynes, Anthony"]
[Result "1/2-1/2"]
[WhiteElo "2237"]
[BlackElo "2250"]
[PlyCount "28"]
[EventDate "2008.12.07"]
[SourceDate "2008.10.04"]

1. d4 Nf6 2. c4 g6 3. Nc3 Bg7 4. e4 d6 5. Be2 O-O 6. Bg5 Nbd7 7. h4 h6 8. Be3
e5 9. d5 Nc5 10. Qc2 Ng4 11. Bxg4 Bxg4 12. f3 Bd7 13. h5 g5 14. g4 a5 1/2-1/2

[Event "4NCL/Div2b/WWKS1 vs. CELT1"]
[Site "Hinckley Island ENG"]
[Date "2008.12.07"]
[Round "4.3"]
[White "Mason, Don"]
[Black "Kemp, Peter D"]
[Result "1-0"]
[WhiteElo "2245"]
[BlackElo "2177"]
[PlyCount "65"]
[EventDate "2008.12.07"]
[SourceDate "2008.10.04"]

1. d4 f5 2. Bg5 g6 3. Nc3 Bg7 4. Nf3 Nf6 5. Bxf6 Bxf6 6. e4 fxe4 7. Nxe4 d5 8.
Nxf6+ exf6 9. Qd2 O-O 10. O-O-O Nc6 11. Bd3 Qe7 12. Rde1 Qf7 13. h4 Bd7 14. c3
Nd8 15. h5 g5 16. h6 Ne6 17. g3 Rfe8 18. Bf5 Nf8 19. Bxd7 Qxd7 20. Nxg5 fxg5
21. Qxg5+ Kh8 22. Qf6+ Kg8 23. Qg5+ Ng6 24. f4 Rf8 25. Re5 Kh8 26. Rxd5 Qe6 27.
Re5 Qxa2 28. Rhe1 Qf7 29. Re7 Qa2 30. f5 Qa1+ 31. Kc2 Qa4+ 32. Kb1 Qb5 33.
Rxh7+ 1-0

[Event "4NCL/Div2b/WWKS1 vs. CELT1"]
[Site "Hinckley Island ENG"]
[Date "2008.12.07"]
[Round "4.4"]
[White "Pedersen, Carsten"]
[Black "Baruch, Andrew J D"]
[Result "1/2-1/2"]
[WhiteElo "2157"]
[BlackElo "2250"]
[PlyCount "46"]
[EventDate "2008.12.07"]
[SourceDate "2008.10.04"]

1. e4 Nf6 2. Nc3 d5 3. e5 Ne4 4. Nce2 Nc5 5. d4 Ne6 6. f4 g6 7. Nf3 Ng7 8. Ng3
Bg4 9. h3 Bxf3 10. Qxf3 e6 11. Be3 c6 12. Bd3 Nd7 13. Ne2 Be7 14. g4 f5 15.
exf6 Bxf6 16. O-O-O Qa5 17. Kb1 O-O-O 18. h4 Rdf8 19. Qh3 Be7 20. Rhf1 Qd8 21.
Rh1 Rf7 22. Ng1 Bd6 23. Ne2 Qc7 1/2-1/2

[Event "4NCL/Div2b/WWKS1 vs. CELT1"]
[Site "Hinckley Island ENG"]
[Date "2008.12.07"]
[Round "4.5"]
[White "Webster, Paul"]
[Black "French, Angus"]
[Result "1/2-1/2"]
[WhiteElo "2095"]
[BlackElo "2131"]
[PlyCount "88"]
[EventDate "2008.12.07"]
[SourceDate "2008.10.04"]

1. d4 d5 2. Nf3 Nf6 3. c4 c6 4. Nc3 dxc4 5. a4 Bf5 6. e3 e6 7. Bxc4 Bb4 8. O-O
O-O 9. Qe2 Bg4 10. Qc2 Bxf3 11. gxf3 Nbd7 12. Rd1 Qa5 13. e4 Qh5 14. Qe2 Nb6
15. Bb3 e5 16. dxe5 Qxe5 17. f4 Qa5 18. Bd2 Rfe8 19. e5 Rad8 20. Be1 Nfd5 21.
Nxd5 Nxd5 22. Qe4 Bxe1 23. Rxe1 Qd2 24. Rad1 Qxb2 25. Bxd5 Rxd5 26. Rxd5 cxd5
27. Qxd5 Qb4 28. Re4 Qe7 29. Rd4 g6 30. Qb5 Rd8 31. Qd3 Rxd4 32. Qxd4 Qc7 33.
Kg2 Qc6+ 34. Kg3 a6 35. a5 h5 36. Qd8+ Kg7 37. Qd3 Kg8 38. Qd8+ Kg7 39. Qd4 Qe6
40. h3 Kh7 41. Qd6 Qb3+ 42. Kg2 Qc4 43. Qf6 Qd5+ 44. Kg3 Qb3+ 1/2-1/2

[Event "4NCL/Div2b/WWKS1 vs. CELT1"]
[Site "Hinckley Island ENG"]
[Date "2008.12.07"]
[Round "4.6"]
[White "Mueller, Jan"]
[Black "Malik, Dani"]
[Result "1-0"]
[WhiteElo "2081"]
[BlackElo "2125"]
[PlyCount "67"]
[EventDate "2008.12.07"]
[SourceDate "2008.10.04"]

1. d4 d5 2. c4 e6 3. g3 Nf6 4. Bg2 c5 5. Nf3 Nc6 6. O-O Be7 7. Nc3 O-O 8. cxd5
exd5 9. Bg5 Ne4 10. Bxe7 Nxe7 11. Rc1 Nxc3 12. Rxc3 c4 13. b3 Qa5 14. Qc1 cxb3
15. axb3 Be6 16. Qb2 Rfc8 17. Rfc1 Rxc3 18. Rxc3 Nc6 19. e3 Qb4 20. Ne1 Qd6 21.
Nd3 Re8 22. Nf4 g5 23. Nd3 Bf5 24. Nc5 Re7 25. Qc1 Nb4 26. e4 dxe4 27. Qxg5+
Bg6 28. Nxe4 Qe6 29. Nf6+ Kh8 30. Re3 Qd6 31. Ne8 Rxe3 32. Nxd6 Re1+ 33. Bf1
Bd3 34. Nxf7# 1-0

[Event "4NCL/Div2b/WWKS1 vs. CELT1"]
[Site "Hinckley Island ENG"]
[Date "2008.12.07"]
[Round "4.7"]
[White "Fishburne, Stewart K"]
[Black "Josse, Mark"]
[Result "1/2-1/2"]
[WhiteElo "2128"]
[BlackElo "2010"]
[PlyCount "133"]
[EventDate "2008.12.07"]
[SourceDate "2008.10.04"]

1. e4 c5 2. Nc3 a6 3. g3 b5 4. Bg2 Bb7 5. d3 e6 6. Nh3 b4 7. Ne2 d5 8. exd5
Bxd5 9. Nhf4 Bxg2 10. Nxg2 Be7 11. O-O Nc6 12. a3 Nf6 13. axb4 cxb4 14. d4 O-O
15. Qd3 Qb6 16. Be3 Qb7 17. f3 Rfd8 18. Qb3 Rd7 19. Ngf4 Bd8 20. Nd3 Bb6 21.
Nc5 Bxc5 22. dxc5 Nd5 23. Bf2 Nc7 24. f4 Nb5 25. Qf3 Rad8 26. f5 exf5 27. Qxf5
Rd5 28. Qf3 Rd2 29. Rac1 Qd7 30. Be3 Nbd4 31. Bxd4 Nxd4 32. Nxd4 Qxd4+ 33. Kh1
f6 34. c6 Qd5 35. c7 Rc8 36. Qxd5+ Rxd5 37. c3 b3 38. c4 Rd2 39. Rfd1 Rxd1+ 40.
Rxd1 Rxc7 41. Rd3 Rxc4 42. Rxb3 a5 43. Rb5 a4 44. h4 Kf7 45. Kg2 Kg6 46. Kh3 h5
47. b3 axb3 48. Rxb3 Rc1 49. Rb5 Re1 50. Ra5 Re2 51. Rb5 Kh6 52. Rb6 Kh7 53.
Rb7 Kh6 54. Rb6 Rf2 55. Ra6 g6 56. Rb6 Kg7 57. Rb7+ Kh6 58. Rb6 f5 59. Rb4 Re2
60. Ra4 Kg7 61. Ra7+ Kf6 62. Ra6+ Re6 63. Ra5 g5 64. hxg5+ Kxg5 65. Ra8 Rh6 66.
Ra4 Re6 67. Ra8 1/2-1/2

[Event "4NCL/Div2b/WWKS1 vs. CELT1"]
[Site "Hinckley Island ENG"]
[Date "2008.12.07"]
[Round "4.8"]
[White "Owens, Megan"]
[Black "Clarke, Brandon"]
[Result "0-1"]
[WhiteElo "1783"]
[BlackElo "1990"]
[PlyCount "60"]
[EventDate "2008.12.07"]
[SourceDate "2008.10.04"]

1. d4 Nf6 2. c4 g6 3. Nc3 d5 4. cxd5 Nxd5 5. Qb3 Nb6 6. e3 Be6 7. Qc2 Bg7 8. b3
O-O 9. Bb2 Nc6 10. Nf3 a5 11. Rc1 Qd7 12. Bb5 Nb4 13. Bxd7 Nxc2+ 14. Rxc2 Bxd7
15. Ba3 Rfe8 16. Bc5 a4 17. b4 Be6 18. b5 h6 19. h4 Nc4 20. Nd2 b6 21. Bb4 Nd6
22. f3 f5 23. g3 Bf7 24. Ne2 Nxb5 25. Nc4 e5 26. Nxe5 Bxe5 27. dxe5 Rxe5 28.
Kf2 Rae8 29. Bd2 c5 30. Rb1 Na3 0-1

[Event "4NCL/Div2b/WES1 vs. WWKS1"]
[Site "Sunningdale ENG"]
[Date "2009.01.17"]
[Round "5.1"]
[White "Lock, Gavin R"]
[Black "Mason, Don"]
[Result "0-1"]
[WhiteElo "2243"]
[BlackElo "2255"]
[PlyCount "134"]
[EventDate "2009.01.17"]
[SourceDate "2008.10.04"]

1. Nf3 c5 2. c4 Nc6 3. g3 e5 4. Nc3 g6 5. Bg2 Bg7 6. O-O Nge7 7. d3 d6 8. a3
O-O 9. Rb1 a5 10. Bg5 f6 11. Be3 Be6 12. Ne1 b6 13. Nd5 Bxd5 14. cxd5 Nd4 15.
Bxd4 cxd4 16. Nf3 Bh6 17. Nd2 Rc8 18. b4 a4 19. b5 Bxd2 20. Qxd2 Rc3 21. Rfc1
Qc7 22. Rxc3 Qxc3 23. Qxc3 dxc3 24. Rc1 Rc8 25. Rc2 Rc5 26. Bf3 Nc8 27. e3 Na7
28. Bd1 Nxb5 29. Ra2 Nc7 30. Bxa4 Nxd5 31. d4 exd4 32. exd4 Rc4 33. Bb3 Rxd4
34. Rc2 Kg7 35. Bxd5 Rxd5 36. Rxc3 Ra5 37. Rc6 Rxa3 38. Rxb6 d5 39. Rd6 Ra5 40.
Rd7+ Kh6 41. Kg2 g5 42. g4 Kg6 43. Kg3 h5 44. gxh5+ Kxh5 45. f3 Kg6 46. h4
gxh4+ 47. Kxh4 Kf5 48. Kg3 Ke5 49. Re7+ Kd6 50. Rf7 Ke6 51. Rb7 Ra4 52. Rb8 Ke5
53. Re8+ Kd4 54. Rd8 Kc4 55. Rd6 d4 56. Rc6+ Kd3 57. Kf4 Ke2 58. Re6+ Kf2 59.
Re4 f5 60. Kxf5 Kxf3 61. Rh4 Ra5+ 62. Ke6 d3 63. Rd4 Ke3 64. Rd8 d2 65. Kf6 Ra4
66. Ke5 Re4+ 67. Kf5 Rd4 0-1

[Event "4NCL/Div2b/WES1 vs. WWKS1"]
[Site "Sunningdale ENG"]
[Date "2009.01.17"]
[Round "5.2"]
[White "Thomas, Nicholas"]
[Black "Simons, Martin J"]
[Result "1/2-1/2"]
[WhiteElo "2313"]
[BlackElo "2223"]
[PlyCount "90"]
[EventDate "2009.01.17"]
[SourceDate "2008.10.04"]

1. e4 Nc6 2. Nf3 d5 3. exd5 Qxd5 4. Nc3 Qa5 5. d4 Bg4 6. Bb5 e6 7. Bd2 Bb4 8.
a3 Bxc3 9. Bxc6+ bxc6 10. Bxc3 Qd5 11. Qd3 Bxf3 12. gxf3 Ne7 13. Bb4 Nf5 14.
O-O-O Nd6 15. Rhe1 a5 16. Bxd6 cxd6 17. c4 Qg5+ 18. Qe3 Qxe3+ 19. fxe3 Ke7 20.
b3 Rhb8 21. Kc2 Rb7 22. Rb1 Rab8 23. Rb2 c5 24. Kc3 f5 25. f4 Kf6 26. Reb1 g5
27. fxg5+ Kxg5 28. b4 axb4+ 29. axb4 cxb4+ 30. Rxb4 Rxb4 31. Rxb4 Rxb4 32. Kxb4
e5 33. dxe5 dxe5 34. c5 Kf6 35. c6 Ke7 36. Kc5 Kd8 37. Kd5 f4 38. exf4 exf4 39.
Ke4 Kc7 40. Kxf4 Kxc6 41. Kg5 Kd6 42. Kh6 Ke6 43. h4 Kf5 44. h5 Kg4 45. Kxh7
Kxh5 1/2-1/2

[Event "4NCL/Div2b/WES1 vs. WWKS1"]
[Site "Sunningdale ENG"]
[Date "2009.01.17"]
[Round "5.3"]
[White "Kawuma, Moses"]
[Black "Pitcher, John"]
[Result "0-1"]
[WhiteElo "2224"]
[BlackElo "2183"]
[PlyCount "118"]
[EventDate "2009.01.17"]
[SourceDate "2008.10.04"]

1. d4 d5 2. Nf3 a6 3. Bf4 Nf6 4. e3 Bf5 5. c4 e6 6. Bd3 Bxd3 7. Qxd3 c5 8. O-O
Nc6 9. cxd5 Nxd5 10. Bg5 Be7 11. Bxe7 Ndxe7 12. Rd1 cxd4 13. Qa3 Qc7 14. exd4
O-O 15. Nc3 Rad8 16. Qc5 Nd5 17. Ne4 Qf4 18. Ng3 Rc8 19. Qc1 Ncb4 20. Qxf4 Nxf4
21. a3 Nbd5 22. Rac1 f6 23. Kf1 b6 24. Ne4 Rfd8 25. g3 Ng6 26. Ke2 Nge7 27.
Rxc8 Rxc8 28. Kd2 Kf8 29. Rc1 Rxc1 30. Kxc1 Nf5 31. a4 Ke7 32. Kd2 Nd6 33. Nxd6
Kxd6 34. Kd3 Kc6 35. Kc4 b5+ 36. axb5+ axb5+ 37. Kb3 Nc7 38. Ne1 Kd5 39. Kc3
Ke4 40. Kb4 Kxd4 41. Ka5 Kc4 42. b3+ Kxb3 43. Kb6 Kc3 44. Kxc7 b4 45. Ng2 b3
46. Ne3 Kd3 47. Nd1 Ke2 48. Nc3+ Kxf2 49. Kd6 e5 50. g4 Kf3 51. Kd5 b2 52. g5
Kg4 53. gxf6 gxf6 54. Ke4 Kh3 55. Kd3 f5 56. Kc2 f4 57. Kxb2 f3 58. Ne4 Kxh2
59. Kc2 Kg2 0-1

[Event "4NCL/Div2b/WES1 vs. WWKS1"]
[Site "Sunningdale ENG"]
[Date "2009.01.17"]
[Round "5.4"]
[White "Hynes, Anthony"]
[Black "Kawuma, Stephen"]
[Result "1/2-1/2"]
[WhiteElo "2243"]
[BlackElo "2166"]
[PlyCount "64"]
[EventDate "2009.01.17"]
[SourceDate "2008.10.04"]

1. e4 c5 2. Nf3 Nc6 3. d4 cxd4 4. Nxd4 Nf6 5. Nc3 e5 6. Ndb5 d6 7. Nd5 Nxd5 8.
exd5 Nb8 9. c4 Be7 10. Bd3 O-O 11. O-O a6 12. Nc3 f5 13. f3 Bg5 14. Bxg5 Qxg5
15. f4 exf4 16. Qe2 Qh6 17. Rae1 Nd7 18. Na4 Ne5 19. Nb6 Rb8 20. b4 f3 21. gxf3
f4 22. Nxc8 Rbxc8 23. Rc1 Rce8 24. Be4 g5 25. c5 g4 26. Qg2 Kh8 27. Kh1 gxf3
28. Bxf3 Nd3 29. Rcd1 Re3 30. c6 b5 31. c7 Ne5 32. Rc1 Rc8 1/2-1/2

[Event "4NCL/Div2b/WES1 vs. WWKS1"]
[Site "Sunningdale ENG"]
[Date "2009.01.17"]
[Round "5.5"]
[White "Rutter, Nicholas"]
[Black "Shephard, Chris C W"]
[Result "1/2-1/2"]
[WhiteElo "2187"]
[BlackElo "2214"]
[PlyCount "92"]
[EventDate "2009.01.17"]
[SourceDate "2008.10.04"]

1. e4 c6 2. d4 g6 3. Nc3 d5 4. h3 Bg7 5. Nf3 dxe4 6. Nxe4 Nf6 7. Nxf6+ exf6 8.
Bc4 Be6 9. Bb3 Bxb3 10. axb3 O-O 11. O-O Na6 12. Bf4 Nc7 13. Qd2 Ne6 14. Rfd1
Nxf4 15. Qxf4 Re8 16. c3 Qb6 17. Nd2 f5 18. b4 Qb5 19. Qf3 a5 20. bxa5 Rxa5 21.
Rxa5 Qxa5 22. Nc4 Qa2 23. Nd6 Re7 24. Qd3 Qb3 25. Nc4 h5 26. Rd2 Re1+ 27. Kh2
b5 28. Ne3 Qe6 29. g3 Bh6 30. Rd1 Rxd1 31. Nxd1 f4 32. Kg2 fxg3 33. Qxg3 Qe4+
34. Qf3 Qxf3+ 35. Kxf3 Bc1 36. Ke4 Kf8 37. b3 Ke7 38. f4 Ke6 39. c4 bxc4 40.
bxc4 f5+ 41. Kf3 Kd6 42. Nf2 Bb2 43. Ke3 Bc1+ 44. Kf3 Bb2 45. Ke3 Bc1+ 46. Kf3
Bb2 1/2-1/2

[Event "4NCL/Div2b/WES1 vs. WWKS1"]
[Site "Sunningdale ENG"]
[Date "2009.01.17"]
[Round "5.6"]
[White "Galloway, Iain"]
[Black "Yeo, Michael J"]
[Result "0-1"]
[WhiteElo "2131"]
[BlackElo "2120"]
[PlyCount "88"]
[EventDate "2009.01.17"]
[SourceDate "2008.10.04"]

1. e4 e5 2. Nf3 Nc6 3. Nc3 Nf6 4. d4 Bb4 5. d5 Ne7 6. Bd2 d6 7. Bd3 O-O 8. a3
Bxc3 9. Bxc3 Ng6 10. Bd2 Nxe4 11. Bxe4 f5 12. Ng5 h6 13. Bd3 hxg5 14. Qh5 Nf4
15. Bxf4 gxf4 16. O-O-O Qf6 17. Kb1 Bd7 18. Bc4 b5 19. Bb3 a5 20. g3 a4 21. Ba2
b4 22. axb4 a3 23. gxf4 e4 24. c3 axb2 25. Rd4 Ra3 26. Kxb2 Rfa8 27. Bb3 c5 28.
dxc6+ Be6 29. Bc2 Rxc3 30. Kxc3 Ra3+ 31. Kb2 Qxd4+ 32. Kxa3 Qc3+ 33. Ka4 Qxc6+
34. Ka3 Qc3+ 35. Ka4 Qxc2+ 36. Ka5 Qc7+ 37. Ka4 Qa7+ 38. Kb5 Qb7+ 39. Ka5 Bd7
40. Qe2 Qc7+ 41. Ka6 Bc8+ 42. Kb5 Qd7+ 43. Kb6 Qb7+ 44. Ka5 Qa7+ 0-1

[Event "4NCL/Div2b/WES1 vs. WWKS1"]
[Site "Sunningdale ENG"]
[Date "2009.01.17"]
[Round "5.7"]
[White "de Coverly, Roger"]
[Black "Ingram, Keith"]
[Result "1-0"]
[WhiteElo "2078"]
[BlackElo "2070"]
[PlyCount "79"]
[EventDate "2009.01.17"]
[SourceDate "2008.10.04"]

1. e4 e5 2. Nf3 Nf6 3. Nxe5 d6 4. Nf3 Nxe4 5. d4 d5 6. Bd3 Bd6 7. O-O O-O 8. c4
Bg4 9. cxd5 f5 10. Nc3 Nd7 11. Bxe4 fxe4 12. Nxe4 Qe8 13. Re1 Bxh2+ 14. Kxh2
Qh5+ 15. Kg1 Rxf3 16. gxf3 Bxf3 17. Ng3 Qg4 18. Qd3 Rf8 19. Re3 h5 20. Qc4 Kh8
21. d6 h4 22. Qe6 hxg3 23. Qxg4 gxf2+ 24. Kxf2 Bxg4+ 25. Kg3 Nf6 26. dxc7 Bd7
27. Re5 Bc6 28. Bg5 Rc8 29. Bxf6 gxf6 30. Rc5 Rxc7 31. d5 Rg7+ 32. Kf2 Rg5 33.
Rd1 Rf5+ 34. Ke3 Kg8 35. b4 Re5+ 36. Kd4 Be8 37. d6 Re2 38. Kc3 Re3+ 39. Kb2
Re2+ 40. Ka1 1-0

[Event "4NCL/Div2b/WES1 vs. WWKS1"]
[Site "Sunningdale ENG"]
[Date "2009.01.17"]
[Round "5.8"]
[White "Weaving, Richard"]
[Black "Thilaganathan, Jessica"]
[Result "0-1"]
[WhiteElo "1950"]
[BlackElo "1894"]
[PlyCount "106"]
[EventDate "2009.01.17"]
[SourceDate "2008.10.04"]

1. e4 e6 2. d4 d5 3. Nd2 dxe4 4. Nxe4 Bd7 5. Nf3 Bc6 6. Bd3 Nd7 7. O-O Ngf6 8.
Qe2 Bxe4 9. Bxe4 Nxe4 10. Qxe4 c6 11. Re1 Nf6 12. Qe2 Be7 13. Be3 O-O 14. Ne5
Nd5 15. c4 Nxe3 16. Qxe3 Qc7 17. Rad1 Rad8 18. Rd3 Bd6 19. Red1 c5 20. f4 cxd4
21. Qe2 f6 22. Ng4 Rde8 23. Rh3 Bxf4 24. Rxd4 Qb6 25. Qf2 e5 26. Rd5 Qxf2+ 27.
Kxf2 f5 28. Ne3 Rf7 29. c5 Bxe3+ 30. Rxe3 e4 31. Rd4 Rfe7 32. b4 f4 33. Rc3 g5
34. h3 h5 35. Rd5 Re5 36. Rxe5 Rxe5 37. Rc2 Kf7 38. b5 Ke7 39. a4 Kd7 40. Ke2
Rd5 41. a5 a6 42. c6+ bxc6 43. bxa6 Rxa5 44. a7 Kd6 45. Rd2+ Kc7 46. Rd4 e3 47.
Re4 Rxa7 48. Re5 Ra2+ 49. Kf1 g4 50. Rxh5 f3 51. gxf3 gxf3 52. Kg1 Ra1+ 53. Kh2
f2 0-1

[Event "4NCL/Div2b/FCA1 vs. GUI3"]
[Site "Sunningdale ENG"]
[Date "2009.01.17"]
[Round "5.1"]
[White "Tippleston, Charles"]
[Black "Povah, Nigel E"]
[Result "0-1"]
[WhiteElo "2170"]
[BlackElo "2324"]
[PlyCount "96"]
[EventDate "2009.01.17"]
[SourceDate "2008.10.04"]

1. e4 d5 2. exd5 Nf6 3. d4 Bg4 4. Bb5+ Nbd7 5. Be2 Bxe2 6. Qxe2 Nxd5 7. Nf3 e6
8. O-O Be7 9. c4 N5f6 10. Nc3 O-O 11. Re1 Re8 12. Bf4 c6 13. Rad1 Qa5 14. Ne5
Rad8 15. Rd3 Nf8 16. Red1 Ng6 17. Bg3 Qa6 18. b3 Qa5 19. h4 Bb4 20. Nb1 Ne7 21.
c5 Qa6 22. Nc4 Nf5 23. Be5 Nd5 24. a3 Ba5 25. h5 Bc7 26. Bxc7 Nxc7 27. g4 Ne7
28. h6 Ng6 29. Qf3 Nd5 30. Nd6 Re7 31. hxg7 Kxg7 32. g5 Ndf4 33. R3d2 Rf8 34.
Ne4 Rh8 35. Nf6 h6 36. Nh5+ Nxh5 37. Qxh5 hxg5 38. Qxg5 Rd7 39. Rd3 Rd5 40. Qg3
Rhh5 41. Qe3 Rdg5+ 42. Kf1 Rf5 43. Nc3 Nf4 44. Ne2 Rh1+ 45. Ng1 Rg5 46. Qxf4
Rgxg1+ 47. Ke2 Rxd1 48. Qg4+ Kf8 0-1